[Event "Erfurt op 28th"]
[Site "Erfurt"]
[Date "2018.12.28"]
[Round "4"]
[White "Sobolevsky, Leonid"]
[Black "Pubantz, Jan"]
[Result "0-1"]
[WhiteElo "2214"]
[BlackElo "2102"]
[PlyCount "60"]
[EventDate "2018.12.26"]
[EventType "swiss"]
[EventRounds "8"]
[EventCountry "GER"]
[SourceTitle "CBM 188 Extra"]
[Source "ChessBase"]
[SourceDate "2019.02.28"]
[SourceVersion "1"]
[SourceVersionDate "2019.02.28"]
[SourceQuality "1"]

1. e4 c5 2. Nf3 d6 3. d4 cxd4 4. Nxd4 Nf6 5. Nc3 a6 6. Bg5 Nbd7 7. Bc4 e6 8. Qd2 h6 9. Be3 Nc5 10. f3 Qc7 11. Be2 Be7 12. a4 b6 13. 0-0 Bb7 14. b4 Ncd7 15. b5 a5 16. Nc6 Ne5 17. Qd4 Bxc6 18. bxc6 0-0 19. Qxb6 Rfc8 20. Qxc7 Rxc7 21. Nb5 Rxc6 22. Nd4 Rcc8 23. Rfb1 d5 24. Rb5 Nc4 25. Bf2 dxe4 26. Nb3 e3 27. Be1 Na3 28. Rxa5 Nxc2 29. Rc1 Nxe1 30. Ra7 Nxf3+ 0-1

[Event "Erfurt op 28th"]
[Site "Erfurt"]
[Date "2018.12.27"]
[Round "3"]
[White "Abel, Dennes"]
[Black "Sobolevsky, Leonid"]
[Result "1-0"]
[WhiteElo "2465"]
[BlackElo "2214"]
[PlyCount "45"]
[EventDate "2018.12.26"]
[EventType "swiss"]
[EventRounds "8"]
[EventCountry "GER"]
[SourceTitle "CBM 188 Extra"]
[Source "ChessBase"]
[SourceDate "2019.02.28"]
[SourceVersion "1"]
[SourceVersionDate "2019.02.28"]
[SourceQuality "1"]

1. Nf3 Nf6 2. c4 e6 3. g3 d5 4. d4 Bb4+ 5. Nbd2 0-0 6. Bg2 c5 7. cxd5 exd5 8. a3 Bxd2+ 9. Bxd2 c4 10. Ne5 Nc6 11. Bc3 Bf5 12. b3 Rc8 13. bxc4 Ne4 14. Nxc6 Rxc6 15. Bb4 Rxc4 16. Bxf8 Qa5+ 17. Bb4 Rxb4 18. axb4 Qxb4+ 19. Kf1 Nd2+ 20. Kg1 Qxd4 21. h3 h5 22. e3 Qd3 23. Ra2 1-0

[Event "Erfurt op 28th"]
[Site "Erfurt"]
[Date "2018.12.27"]
[Round "2"]
[White "Sobolevsky, Leonid"]
[Black "Richter, Philipp2"]
[Result "1-0"]
[WhiteElo "2214"]
[BlackElo "2015"]
[PlyCount "75"]
[EventDate "2018.12.26"]
[EventType "swiss"]
[EventRounds "8"]
[EventCountry "GER"]
[SourceTitle "CBM 188 Extra"]
[Source "ChessBase"]
[SourceDate "2019.02.28"]
[SourceVersion "1"]
[SourceVersionDate "2019.02.28"]
[SourceQuality "1"]

1. e4 e6 2. d4 d5 3. Nc3 Bb4 4. Nge2 dxe4 5. a3 Be7 6. Nxe4 Nf6 7. Qd3 Nbd7 8. Nxf6+ Nxf6 9. Bf4 b6 10. Qg3 Nd5 11. Qxg7 Bf6 12. Qg3 Nxf4 13. Qxf4 Bb7 14. h4 Rg8 15. 0-0-0 Qe7 16. Nc3 0-0-0 17. f3 Rd7 18. Bb5 c6 19. Bf1 Rgd8 20. Bd3 Rxd4 21. Ne4 Bg7 22. Qe3 c5 23. g4 h6 24. Nc3 c4 25. Be4 Bxe4 26. fxe4 Rxd1+ 27. Nxd1 Bf6 28. Qe2 Bxh4 29. Qxc4+ Kb8 30. Kb1 Bg5 31. Nc3 Rc8 32. Qa4 Kb7 33. e5 a5 34. Nb5 Rc5 35. Qe4+ Kb8 36. c4 f6 37. exf6 Qxf6 38. Rd1 1-0

[Event "Heusenstamm Sparkassen op-A 4th"]
[Site "Heusenstamm"]
[Date "2017.11.24"]
[Round "3"]
[White "Colpe, Malte"]
[Black "Sobolevsky, Leonid"]
[Result "1-0"]
[WhiteElo "2404"]
[BlackElo "2185"]
[PlyCount "85"]
[EventDate "2017.11.23"]
[EventType "swiss"]
[EventRounds "7"]
[EventCountry "GER"]
[SourceTitle "EXT 2019"]
[Source "ChessBase"]
[SourceDate "2018.10.10"]
[SourceVersion "1"]
[SourceVersionDate "2018.10.10"]
[SourceQuality "1"]

1. d4 Nf6 2. c4 e6 3. Nf3 c5 4. d5 b5 5. Bf4 d6 6. dxe6 fxe6 7. cxb5 Be7 8. Nc3 0-0 9. e3 h6 10. Bg3 Bb7 11. Bd3 a6 12. 0-0 axb5 13. Bxb5 Qb6 14. a4 Na6 15. Nh4 Rfd8 16. Ng6 Kf7 17. Nxe7 Kxe7 18. e4 Nc7 19. Qe2 Nxb5 20. axb5 Rxa1 21. Rxa1 e5 22. f3 Nh5 23. Qc4 Nf6 24. Bh4 g5 25. Bf2 Rc8 26. Be3 Ra8 27. Rxa8 Bxa8 28. b4 Nd7 29. Na4 Qa7 30. bxc5 Qa5 31. Kf2 dxc5 32. Nxc5 Nxc5 33. Bxc5+ Kf6 34. Qd3 Qc7 35. Be3 Bb7 36. b6 Qe7 37. Qd2 Kg6 38. g4 h5 39. h3 h4 40. Qa2 Kg7 41. Kg2 Kh6 42. Qg8 Ba6 43. Qh8+ 1-0

[Event "Heusenstamm Sparkassen op-A 4th"]
[Site "Heusenstamm"]
[Date "2017.11.23"]
[Round "1"]
[White "Marchese, Gaspare"]
[Black "Sobolevsky, Leonid"]
[Result "0-1"]
[WhiteElo "1899"]
[BlackElo "2185"]
[PlyCount "102"]
[EventDate "2017.11.23"]
[EventType "swiss"]
[EventRounds "7"]
[EventCountry "GER"]
[SourceTitle "EXT 2019"]
[Source "ChessBase"]
[SourceDate "2018.10.10"]
[SourceVersion "1"]
[SourceVersionDate "2018.10.10"]
[SourceQuality "1"]

1. e4 c5 2. Nc3 Nc6 3. Bb5 Nd4 4. Bc4 d6 5. Nge2 Nf6 6. d3 a6 7. a4 Nxe2 8. Nxe2 g6 9. 0-0 Bg7 10. f4 d5 11. exd5 Nxd5 12. Qe1 0-0 13. f5 Bxf5 14. Ng3 Be6 15. Ne4 Nc7 16. Nxc5 Bxc4 17. dxc4 Qd4+ 18. Be3 Qxc4 19. c3 Nd5 20. Nd7 Rfe8 21. Nb6 Nxb6 22. Bxb6 Rac8 23. a5 Rc6 24. Rd1 Re6 25. Qg3 Re2 26. Qf3 Rxb2 27. Qxb7 Bxc3 28. Qd7 Qb5 29. Bd8 Qxd7 30. Rxd7 Rd2 31. Rd1 Rxd1+ 32. Rxd1 f5 33. Bb6 e5 34. Rd7 e4 35. Kf1 Re5 36. Ke2 Bxa5 37. Bd4 Rb5 38. Rg7+ Kf8 39. Rxh7 Bb6 40. Bc3 Rb3 41. Be5 a5 42. Rb7 a4 43. g3 Bc5 44. Rc7 Be7 45. Ra7 a3 46. h4 Rb5 47. Bd4 Kf7 48. Ra6 Rd5 49. Ba1 Bd6 50. Bc3 Rd3 51. Rxa3 Bxg3 0-1

[Event "Wch Seniors 65 26th"]
[Site "Marianske Lazne"]
[Date "2016.11.26"]
[Round "7"]
[White "Sobolevsky, Leonid"]
[Black "Andersson, Kaj Ake"]
[Result "0-1"]
[WhiteElo "2207"]
[BlackElo "2057"]
[PlyCount "76"]
[EventDate "2016.11.19"]
[EventType "swiss"]
[EventRounds "11"]
[EventCountry "CZE"]
[SourceTitle "CBM 175 Extra"]
[Source "ChessBase"]
[SourceDate "2016.12.12"]
[SourceVersion "1"]
[SourceVersionDate "2016.12.12"]
[SourceQuality "1"]

1. e4 c5 2. Nf3 d6 3. d4 cxd4 4. Nxd4 Nf6 5. Nc3 a6 6. Bg5 e6 7. Qf3 Be7 8. 0-0-0 0-0 9. h4 Qc7 10. h5 h6 11. Be3 Nbd7 12. Qg3 Kh8 13. f3 b5 14. Qf2 Bb7 15. g4 b4 16. Na4 Rac8 17. g5 hxg5 18. h6 g6 19. Nb3 g4 20. Nb6 g3 21. Nxc8 gxf2 22. Nxe7 Ne5 23. Be2 Qxe7 24. Bxf2 Rc8 25. Bh4 Kh7 26. Rd4 Qc7 27. Bd1 Nxf3 28. Rxb4 Bxe4 29. Bxf6 Bxc2 30. Bc3 Bxd1 31. Rxd1 d5 32. Kb1 Ne5 33. Rf1 Nc4 34. a3 a5 35. Rb5 Nxa3+ 36. bxa3 Qxc3 37. Rxf7+ Kxh6 38. Rbb7 Qc2+ 0-1

[Event "Wch Seniors 65 26th"]
[Site "Marianske Lazne"]
[Date "2016.11.24"]
[Round "6"]
[White "Sveshnikov, Evgeny"]
[Black "Sobolevsky, Leonid"]
[Result "1-0"]
[WhiteElo "2489"]
[BlackElo "2207"]
[PlyCount "141"]
[EventDate "2016.11.19"]
[EventType "swiss"]
[EventRounds "11"]
[EventCountry "CZE"]
[SourceTitle "CBM 175 Extra"]
[Source "ChessBase"]
[SourceDate "2016.12.12"]
[SourceVersion "1"]
[SourceVersionDate "2016.12.12"]
[SourceQuality "1"]

1. e4 e5 2. Nc3 Nc6 3. Bc4 Nf6 4. d3 Bb4 5. Nge2 d5 6. exd5 Nxd5 7. 0-0 Nxc3 8. bxc3 Bd6 9. Ng3 0-0 10. Qh5 Na5 11. Bd5 g6 12. Qh6 Be7 13. c4 c6 14. Bf3 f5 15. Rb1 b6 16. Re1 Bf6 17. h4 Bg7 18. Qg5 Qxg5 19. hxg5 Bd7 20. c5 Rab8 21. Bd2 e4 22. dxe4 Nc4 23. Bf4 Be5 24. Bxe5 Nxe5 25. exf5 Nxf3+ 26. gxf3 Bxf5 27. Re7 Bxc2 28. Rc1 Bd3 29. cxb6 Rxb6 30. Rc3 Bb1 31. Rxa7 Rf7 32. Ra8+ Rf8 33. Ra5 Rb5 34. Rxb5 cxb5 35. a3 Bf5 36. Kg2 h6 37. gxh6 Kh7 38. Rc5 Bd3 39. Rc3 Rd8 40. Ne4 Kxh6 41. Kg3 Rd4 42. Kf4 Bc4 43. Ke3 Rd1 44. Nd2 Re1+ 45. Kd4 Rd1 46. Rc2 Bb3 47. Rb2 Ba4 48. Kc5 Kg5 49. Ne4+ Kf4 50. Nc3 Rc1 51. Kb4 Kxf3 52. Nxb5 Bxb5 53. Kxb5 Rc8 54. Ra2 Rc1 55. a4 Rb1+ 56. Kc6 Rc1+ 57. Kd7 Rd1+ 58. Ke7 g5 59. a5 g4 60. a6 Rh1 61. Kd6 Re1 62. a7 Re8 63. Kc6 Rf8 64. Rb2 Rf6+ 65. Kb7 Rf7+ 66. Ka6 Rf8 67. Rb8 Rf6+ 68. Kb5 Rf5+ 69. Kb4 Rf4+ 70. Kb3 Kxf2 71. a8Q 1-0

[Event "Wch Seniors 65 26th"]
[Site "Marianske Lazne"]
[Date "2016.11.21"]
[Round "3"]
[White "Sobolevsky, Leonid"]
[Black "Racek, Jiri"]
[Result "1-0"]
[WhiteElo "2207"]
[BlackElo "2018"]
[PlyCount "45"]
[EventDate "2016.11.19"]
[EventType "swiss"]
[EventRounds "11"]
[EventCountry "CZE"]
[SourceTitle "CBM 175 Extra"]
[Source "ChessBase"]
[SourceDate "2016.12.12"]
[SourceVersion "1"]
[SourceVersionDate "2016.12.12"]
[SourceQuality "1"]

1. e4 c6 2. d4 d5 3. Nc3 dxe4 4. Nxe4 Nf6 5. Nxf6+ gxf6 6. Nf3 Bg4 7. Be2 Qc7 8. h3 Bh5 9. 0-0 e6 10. Be3 Nd7 11. c4 f5 12. Qc1 c5 13. Re1 Bd6 14. dxc5 Bxc5 15. Nd4 Bxe2 16. Rxe2 Rg8 17. Bf4 Qb6 18. Nb5 0-0-0 19. b4 Qc6 20. g3 Ne5 21. Bxe5 Rxg3+ 22. Bxg3 Qf3 23. Qf4 1-0

[Event "Pula op 29th"]
[Site "Pula"]
[Date "2015.06.16"]
[Round "4"]
[White "Zufic, Miroslav"]
[Black "Sobolevsky, Leonid"]
[Result "1-0"]
[WhiteElo "2462"]
[BlackElo "2219"]
[PlyCount "61"]
[EventDate "2015.06.13"]
[EventType "swiss"]
[EventRounds "9"]
[EventCountry "CRO"]
[SourceTitle "CBM 167 Extra"]
[Source "ChessBase"]
[SourceDate "2015.09.14"]
[SourceVersion "1"]
[SourceVersionDate "2015.09.14"]
[SourceQuality "1"]

1. e4 e5 2. Nf3 Nc6 3. Bb5 a6 4. Ba4 Nf6 5. 0-0 Bc5 6. c3 b5 7. Bb3 d6 8. d4 Bb6 9. a4 Bg4 10. Bg5 Rb8 11. axb5 axb5 12. Bd5 Ne7 13. Bxf6 gxf6 14. Qd3 c6 15. Bb3 Ng6 16. Nbd2 Nf4 17. Qe3 Rg8 18. g3 Bh3 19. Rfd1 Qd7 20. Nh4 c5 21. Nc4 cxd4 22. cxd4 Qg4 23. Nxd6+ Kf8 24. Ndf5 Ne2+ 25. Kh1 Nxd4 26. Qh6+ Ke8 27. Qxf6 Qxe4+ 28. f3 Bxf5 29. Qxf7+ Kd8 30. Qxg8+ Kc7 31. Qf7+ 1-0

[Event "Chemnitz op"]
[Site "Chemnitz"]
[Date "2014.10.04"]
[Round "6"]
[White "Peil, Christoph"]
[Black "Sobolevsky, Leonid"]
[Result "1-0"]
[WhiteElo "2099"]
[BlackElo "2222"]
[PlyCount "77"]
[EventDate "2014.10.02"]
[EventType "swiss"]
[EventRounds "7"]
[EventCountry "GER"]
[SourceTitle "CBM 162 Extra"]
[Source "ChessBase"]
[SourceDate "2014.10.17"]
[SourceVersion "1"]
[SourceVersionDate "2014.10.17"]
[SourceQuality "1"]

1. c4 e5 2. Nc3 Nf6 3. g3 c5 4. Bg2 Nc6 5. d3 h6 6. e4 d6 7. Nge2 Bg4 8. h3 Be6 9. Be3 Qd7 10. f4 g6 11. Nd5 Bg7 12. Qd2 Bxd5 13. cxd5 Nd4 14. 0-0 Nxe2+ 15. Qxe2 Nh5 16. Kh2 exf4 17. gxf4 0-0 18. Bf3 f5 19. Bxh5 gxh5 20. Rae1 Rae8 21. Qc2 Re7 22. Bc1 c4 23. Qxc4 Rc8 24. Qb3 Qe8 25. e5 dxe5 26. d6+ Rf7 27. Re2 Rc5 28. d4 Rb5 29. Qc4 e4 30. Rg1 Qc6 31. Qe6 Kf8 32. Reg2 Qd7 33. d5 Rb6 34. Rg6 e3 35. Bxe3 Rxb2+ 36. Kh1 Re2 37. Rxg7 Rxg7 38. Qf6+ Kg8 39. Rxg7+ 1-0

[Event "Karl Mala Memorial op-A 17th"]
[Site "Frankfurt"]
[Date "2014.08.02"]
[Round "5"]
[White "Sobolevsky, Leonid"]
[Black "Mertens, Klaus"]
[Result "0-1"]
[WhiteElo "2239"]
[BlackElo "2032"]
[PlyCount "78"]
[EventDate "2014.07.31"]
[EventType "swiss"]
[EventRounds "7"]
[EventCountry "GER"]
[SourceTitle "EXT 2015"]
[Source "ChessBase"]
[SourceDate "2014.11.20"]
[SourceVersion "1"]
[SourceVersionDate "2014.11.20"]
[SourceQuality "1"]

1. e4 c5 2. Nf3 e6 3. d4 cxd4 4. Nxd4 a6 5. Nc3 Qc7 6. Bd3 Nc6 7. Nxc6 bxc6 8. Qe2 e5 9. 0-0 Nf6 10. Bg5 Be7 11. Nd1 0-0 12. Ne3 d6 13. Kh1 a5 14. a4 Ne8 15. Bxe7 Qxe7 16. Bc4 Nc7 17. Rad1 g6 18. g3 Ne6 19. c3 Nc5 20. Qc2 Bh3 21. Rg1 Qf6 22. Qe2 Nxe4 23. f3 Ng5 24. g4 d5 25. Rg3 dxc4 26. Nxc4 Rfd8 27. Re1 Re8 28. Nxe5 Qf4 29. Qe3 Qxe3 30. Rxe3 f6 31. f4 fxe5 32. fxg5 Bf1 33. Rgf3 Bc4 34. Rf6 Rab8 35. Kg1 Bd5 36. c4 Bxc4 37. Rxc6 Bf7 38. Rc5 Rxb2 39. Rcxe5 Rc8 0-1

[Event "Karl Mala Memorial op-A 17th"]
[Site "Frankfurt"]
[Date "2014.08.01"]
[Round "3"]
[White "Sobolevsky, Leonid"]
[Black "Von Auer, Ulrich"]
[Result "1/2-1/2"]
[WhiteElo "2239"]
[BlackElo "2062"]
[PlyCount "84"]
[EventDate "2014.07.31"]
[EventType "swiss"]
[EventRounds "7"]
[EventCountry "GER"]
[SourceTitle "EXT 2015"]
[Source "ChessBase"]
[SourceDate "2014.11.20"]
[SourceVersion "1"]
[SourceVersionDate "2014.11.20"]
[SourceQuality "1"]

1. e4 e6 2. d4 d5 3. Nc3 Bb4 4. e5 c5 5. a3 Bxc3+ 6. bxc3 Ne7 7. h4 Qa5 8. Bd2 Qa4 9. Qb1 Nbc6 10. Nf3 0-0 11. h5 cxd4 12. Bb5 Qa5 13. cxd4 Qb6 14. c3 a6 15. Bd3 Qxb1+ 16. Rxb1 f5 17. h6 g6 18. Rb6 Na5 19. Bg5 Nec6 20. Nd2 Bd7 21. Ke2 Na7 22. Rd6 Rf7 23. Rb6 Nc8 24. Rb2 b5 25. a4 Nc4 26. Ra2 N8b6 27. axb5 Bxb5 28. Rb1 Rc8 29. Nb3 Na4 30. Rxa4 Bxa4 31. Nc5 Rxc5 32. dxc5 Bb5 33. Bxc4 Bxc4+ 34. Ke3 Bb5 35. Kd4 Rb7 36. Bd8 Kf7 37. f3 Ke8 38. Bf6 Bc6 39. Ra1 Ra7 40. Ra5 Kd7 41. g4 fxg4 42. fxg4 Bb5 1/2-1/2

[Event "Leipzig VfB op 21st"]
[Site "Leipzig"]
[Date "2014.03.08"]
[Round "9"]
[White "Zeller, Frank"]
[Black "Sobolevsky, Leonid"]
[Result "1-0"]
[WhiteElo "2420"]
[BlackElo "2244"]
[PlyCount "89"]
[EventDate "2014.03.04"]
[EventType "tourn"]
[EventRounds "9"]
[EventCountry "GER"]
[SourceTitle "CBM 159 Extra"]
[Source "ChessBase"]
[SourceDate "2014.04.24"]
[SourceVersion "1"]
[SourceVersionDate "2014.04.24"]
[SourceQuality "1"]

1. Nf3 Nf6 2. c4 c5 3. Nc3 Nc6 4. e3 d6 5. d4 Bg4 6. Be2 g6 7. d5 Bxf3 8. Bxf3 Ne5 9. Be2 Bg7 10. 0-0 h5 11. e4 Ned7 12. Bg5 Nh7 13. Be3 Qb6 14. Rb1 a6 15. Qd2 Qa5 16. Rfc1 Rb8 17. a3 Nhf6 18. Qd1 0-0 19. b4 cxb4 20. axb4 Qc7 21. f3 h4 22. Qe1 h3 23. g4 b6 24. Qg3 Rfe8 25. Qxh3 Ne5 26. Na4 a5 27. g5 Nh5 28. f4 Qd7 29. Qxd7 Nxd7 30. Bg4 Red8 31. Bxd7 Rxd7 32. bxa5 Ra7 33. Bxb6 Raa8 34. Rf1 Nxf4 35. Rxf4 Rxa5 36. Bxa5 Rxb1+ 37. Rf1 Rb3 38. c5 dxc5 39. Rc1 Ra3 40. Rc4 Bd4+ 41. Kg2 Ra2+ 42. Kf3 Ra3+ 43. Kg4 Be5 44. Bd2 Bxh2 45. Bf4 1-0

[Event "Wiesbaden op 25th"]
[Site "Wiesbaden"]
[Date "2013.08.25"]
[Round "6"]
[White "Sobolevsky, Leonid"]
[Black "Boidman, Yuri"]
[Result "0-1"]
[WhiteElo "2176"]
[BlackElo "2398"]
[PlyCount "78"]
[EventDate "2013.08.22"]
[EventType "swiss"]
[EventRounds "7"]
[EventCountry "GER"]
[SourceTitle "CBM 156 Extra"]
[Source "ChessBase"]
[SourceDate "2013.10.22"]
[SourceVersion "1"]
[SourceVersionDate "2013.10.22"]
[SourceQuality "1"]

1. e4 d5 2. exd5 Nf6 3. d4 Bg4 4. Nf3 Qxd5 5. Nc3 Qh5 6. Bf4 Bxf3 7. gxf3 c6 8. Be5 Nbd7 9. Qe2 e6 10. a3 Nxe5 11. dxe5 Nd5 12. Nxd5 exd5 13. f4 Qh4 14. Qe3 g5 15. f5 d4 16. Qf3 g4 17. Qe4 Bh6 18. Be2 Be3 19. 0-0 Bh6 20. Rad1 0-0-0 21. Rxd4 Rxd4 22. Qxd4 Rd8 23. Qe4 Bd2 24. Rd1 h5 25. e6 fxe6 26. Qxe6+ Kc7 27. Qe5+ Kc8 28. f6 Qg5 29. Qe6+ Kc7 30. Bc4 h4 31. Qe7+ Rd7 32. Qe6 g3 33. hxg3 hxg3 34. Kf1 g2+ 35. Ke2 g1Q 36. Rxg1 Qxg1 37. f7 Qe1+ 38. Kf3 Qxe6 39. Bxe6 Rd8 0-1

[Event "Wiesbaden op 25th"]
[Site "Wiesbaden"]
[Date "2013.08.24"]
[Round "4"]
[White "Schmittdiel, Eckhard"]
[Black "Sobolevsky, Leonid"]
[Result "1-0"]
[WhiteElo "2427"]
[BlackElo "2176"]
[PlyCount "103"]
[EventDate "2013.08.22"]
[EventType "swiss"]
[EventRounds "7"]
[EventCountry "GER"]
[SourceTitle "CBM 156 Extra"]
[Source "ChessBase"]
[SourceDate "2013.10.22"]
[SourceVersion "1"]
[SourceVersionDate "2013.10.22"]
[SourceQuality "1"]

1. e4 e5 2. Nf3 Nc6 3. Bb5 a6 4. Ba4 Bc5 5. c4 Nf6 6. Nc3 d6 7. d4 exd4 8. Nxd4 Bd7 9. Nxc6 bxc6 10. Bg5 Qe7 11. 0-0 0-0 12. Qf3 Rab8 13. Rad1 Qe5 14. Bxf6 gxf6 15. b3 Rbd8 16. Ne2 h5 17. Nf4 Bg4 18. Qg3 Qg5 19. h4 Qg7 20. Rd3 Kh8 21. Bxc6 Rg8 22. Rd5 Qh6 23. Qh2 Rde8 24. Bxe8 Rxe8 25. Rxc5 dxc5 26. f3 Bc8 27. Rd1 f5 28. e5 Rg8 29. Kf2 a5 30. Nd5 Rd8 31. Qg3 f4 32. Qg5 Qxg5 33. hxg5 c6 34. Nc3 Rxd1 35. Nxd1 Kg7 36. g3 fxg3+ 37. Kxg3 Kg6 38. f4 Bf5 39. Nc3 Bc2 40. Na4 Kf5 41. Nxc5 Bb1 42. Nb7 h4+ 43. Kxh4 Kxf4 44. Nxa5 Kxe5 45. Nxc6+ Kd6 46. Nb4 Kc5 47. a3 Kd4 48. Kg4 Kc3 49. c5 Kxb3 50. c6 Be4 51. Kf4 Bg2 52. c7 1-0

[Event "Dresden ZMD op 22nd"]
[Site "Dresden"]
[Date "2013.08.10"]
[Round "1"]
[White "Sobolevsky, Leonid"]
[Black "Linnemann, Niklas"]
[Result "1-0"]
[WhiteElo "2182"]
[BlackElo "1948"]
[PlyCount "81"]
[EventDate "2013.08.10"]
[EventType "swiss"]
[EventRounds "9"]
[EventCountry "GER"]
[SourceTitle "CBM 155 Extra"]
[Source "ChessBase"]
[SourceDate "2013.08.26"]
[SourceVersion "1"]
[SourceVersionDate "2013.08.26"]
[SourceQuality "1"]

1. e4 c5 2. Nf3 e6 3. d4 cxd4 4. Nxd4 a6 5. Nc3 Qc7 6. Bd3 b5 7. 0-0 Bb7 8. Re1 Nf6 9. e5 Nd5 10. Nxd5 Bxd5 11. a4 b4 12. Qg4 Nc6 13. Nxc6 dxc6 14. h4 h5 15. Qe2 a5 16. c4 bxc3 17. bxc3 c5 18. Bb5+ Bc6 19. Bg5 Be7 20. Bxe7 Bxb5 21. axb5 Qxe7 22. Ra4 g6 23. Rea1 Qc7 24. Qf3 0-0 25. Qf6 c4 26. g4 Kh7 27. Kh2 hxg4 28. Rg1 Qd8 29. Rxc4 Qxf6 30. exf6 Rfb8 31. Rd1 a4 32. Rb4 Rc8 33. c4 Rc5 34. Ra1 a3 35. b6 a2 36. b7 Rb8 37. Rxa2 Rc7 38. Ra7 g5 39. h5 g3+ 40. Kxg3 g4 41. c5 1-0

[Event "Pfalz op 03rd"]
[Site "Neustadt an der Weinstrasse"]
[Date "2012.02.20"]
[Round "3"]
[White "Kranewitter, Norbert"]
[Black "Sobolevsky, Leonid"]
[Result "0-1"]
[WhiteElo "2097"]
[BlackElo "2239"]
[PlyCount "73"]
[EventDate "2012.02.17"]
[EventType "swiss"]
[EventRounds "9"]
[EventCountry "GER"]
[SourceTitle "EXT 2013"]
[Source "ChessBase"]
[SourceDate "2012.11.22"]
[SourceVersion "1"]
[SourceVersionDate "2012.11.22"]
[SourceQuality "1"]

1. Nf3 d6 2. d4 h6 3. c4 g5 4. h3 Bg7 5. Nc3 e6 6. e4 Ne7 7. Bd3 Ng6 8. Ne2 c5 9. e5 cxd4 10. Bxg6 fxg6 11. Qxd4 dxe5 12. Qe4 Qf6 13. Be3 Nc6 14. Bc5 Bf8 15. Bxf8 Rxf8 16. 0-0-0 Qf5 17. Nc3 Qxe4 18. Nxe4 Ke7 19. Rhe1 b6 20. Rd2 Ba6 21. Rd6 Rac8 22. Rxc6 Rxc6 23. Nxe5 Rxc4+ 24. Nxc4 Bxc4 25. b3 Bd5 26. f3 Bxe4 27. Rxe4 Rc8+ 28. Kd2 Rc5 29. Ra4 a5 30. Kd3 Kd6 31. Re4 e5 32. Rg4 Rd5+ 33. Ke3 h5 34. Re4 Rd4 35. Rxd4+ exd4+ 36. Kxd4 g4 37. b4 0-1

[Event "Pula op 25th"]
[Site "Pula"]
[Date "2011.06.21"]
[Round "5"]
[White "Sobolevsky, Leonid"]
[Black "Diermair, Andreas"]
[Result "0-1"]
[WhiteElo "2243"]
[BlackElo "2435"]
[PlyCount "40"]
[EventDate "2011.06.18"]
[EventType "swiss"]
[EventRounds "9"]
[EventCountry "CRO"]
[SourceTitle "CBM 143 Extra"]
[Source "ChessBase"]
[SourceDate "2011.08.29"]
[SourceVersion "1"]
[SourceVersionDate "2011.08.29"]
[SourceQuality "1"]

1. e4 c6 2. d4 d5 3. e5 Bf5 4. Nf3 e6 5. Nc3 Nd7 6. Be2 Ne7 7. Nh4 Bg6 8. g4 c5 9. Nb5 Nc6 10. Nxg6 hxg6 11. c4 a6 12. cxd5 exd5 13. Nc3 cxd4 14. Nb1 Ndxe5 15. Bf4 Bd6 16. Bg3 Qf6 17. 0-0 d3 18. Bxd3 Nf3+ 19. Kg2 Bxg3 20. h3 Be5 0-1

[Event "Nuremberg LGA Cup 7th"]
[Site "Nuremberg"]
[Date "2010.09.05"]
[Round "6"]
[White "Sobolevsky, Leonid"]
[Black "Zier, Oliver"]
[Result "1-0"]
[WhiteElo "2252"]
[BlackElo "2139"]
[PlyCount "151"]
[EventDate "2010.09.02"]
[EventType "swiss"]
[EventRounds "7"]
[EventCountry "GER"]
[SourceTitle "CBM 138 Extra"]
[Source "ChessBase"]
[SourceDate "2010.10.29"]
[SourceVersion "1"]
[SourceVersionDate "2010.10.29"]
[SourceQuality "1"]

1. e4 e6 2. d4 d5 3. Nc3 Nf6 4. e5 Nfd7 5. Qg4 c5 6. dxc5 Nxe5 7. Qg3 Nbc6 8. Nf3 Nxf3+ 9. gxf3 Nd4 10. Bd3 Qf6 11. Bf4 Bxc5 12. 0-0-0 Nf5 13. Bxf5 Qxf5 14. Bd6 Bxd6 15. Qxd6 Qg5+ 16. Kb1 Qe7 17. Qe5 Qf6 18. Rxd5 Qxe5 19. Rxe5 Bd7 20. Rg1 0-0 21. Reg5 g6 22. h4 Bc6 23. R5g3 Rad8 24. Kc1 Rd4 25. h5 Rf4 26. hxg6 hxg6 27. Ne2 Rxf3 28. Rxf3 Bxf3 29. Nd4 Bd5 30. f4 Rd8 31. b3 Be4 32. c3 Kg7 33. Kd2 Rh8 34. Ke3 Bc6 35. Nxc6 bxc6 36. Rd1 Rh2 37. a4 Rb2 38. b4 Rb3 39. Kd4 a5 40. Kc4 Ra3 41. Re1 Kf6 42. Re5 axb4 43. cxb4 Rf3 44. Re4 Kf5 45. Rd4 e5 46. fxe5 g5 47. Rd1 g4 48. a5 g3 49. Kc5 g2 50. Rg1 Rc3+ 51. Kd6 Rc2 52. a6 Ra2 53. a7 Kf4 54. Rxg2 Rxa7 55. Rc2 Rb7 56. Rc4+ Kf5 57. Kxc6 Re7 58. Rc5 Re6+ 59. Kd7 Ke4 60. b5 Kd4 61. Rc6 Rxe5 62. b6 f5 63. Rf6 Ke3 64. Re6 Rxe6 65. Kxe6 f4 66. b7 f3 67. b8Q Kf2 68. Kf5 Kg2 69. Qb7 Kg3 70. Qc7+ Kg2 71. Qc6 Kg3 72. Qd6+ Kg2 73. Qd5 Kg3 74. Qe5+ Kg2 75. Qe4 Kg3 76. Qg4+ 1-0

[Event "Nuremberg LGA Cup 7th"]
[Site "Nuremberg"]
[Date "2010.09.03"]
[Round "3"]
[White "Walter, Florian"]
[Black "Sobolevsky, Leonid"]
[Result "0-1"]
[WhiteElo "2019"]
[BlackElo "2252"]
[PlyCount "64"]
[EventDate "2010.09.02"]
[EventType "swiss"]
[EventRounds "7"]
[EventCountry "GER"]
[SourceTitle "CBM 138 Extra"]
[Source "ChessBase"]
[SourceDate "2010.10.29"]
[SourceVersion "1"]
[SourceVersionDate "2010.10.29"]
[SourceQuality "1"]

1. Nf3 d6 2. c4 e5 3. Nc3 g5 4. d3 g4 5. Nd2 h5 6. e3 f5 7. h3 Bh6 8. b3 Nf6 9. Bb2 Nc6 10. g3 Be6 11. Bg2 d5 12. cxd5 Nxd5 13. Nxd5 Bxd5 14. e4 Be6 15. exf5 Bxf5 16. Bxc6+ bxc6 17. Ne4 0-0 18. Qe2 gxh3 19. Bxe5 Qd5 20. f4 Rae8 21. 0-0 h4 22. Qh5 Rxe5 23. fxe5 Be3+ 24. Kh2 hxg3+ 25. Kxg3 Qxe5+ 26. Kh4 h2 27. Rf3 Bf4 28. Raf1 Rf7 29. Ng5 Rg7 30. d4 Bxg5+ 31. Qxg5 Qe4+ 32. Qf4 Rg4+ 0-1